|
|
|
|
| LEADER |
03329nam a22003853i 4500 |
| 001 |
EBC5796132 |
| 003 |
MiAaPQ |
| 005 |
20231204023214.0 |
| 006 |
m o d | |
| 007 |
cr cnu|||||||| |
| 008 |
231204s2019 xx o ||||0 fre d |
| 020 |
|
|
|a 9782759229987
|q (electronic bk.)
|
| 020 |
|
|
|z 9782759229970
|
| 035 |
|
|
|a (MiAaPQ)EBC5796132
|
| 035 |
|
|
|a (Au-PeEL)EBL5796132
|
| 035 |
|
|
|a (OCoLC)1290022016
|
| 040 |
|
|
|a MiAaPQ
|b eng
|e rda
|e pn
|c MiAaPQ
|d MiAaPQ
|
| 100 |
1 |
|
|a Andrivon, Didier.
|
| 245 |
1 |
0 |
|a Peut-On Se Passer du Cuivre en Protection des Cultures Biologiques ? :
|b Expertise Scientifique Collective.
|
| 264 |
|
1 |
|a Versailles :
|b Quae,
|c 2019.
|
| 264 |
|
4 |
|c ©2021.
|
| 300 |
|
|
|a 1 online resource (129 pages)
|
| 336 |
|
|
|a text
|b txt
|2 rdacontent
|
| 337 |
|
|
|a computer
|b c
|2 rdamedia
|
| 338 |
|
|
|a online resource
|b cr
|2 rdacarrier
|
| 490 |
1 |
|
|a Matière à débattre et Décider Ser.
|
| 505 |
0 |
|
|a Intro -- Table des matières -- Introduction -- 1. Éléments de contexte -- Le cuivre : propriétés et utilisations -- Les alternatives au cuivre : nature et réglementation -- 2. Les méthodes alternatives à l'usage du cuivre -- Les préparations naturelles biocides -- Les agents microbiologiques de biocontrôle -- Les résistances variétales -- Les stimulateurs des défenses naturelles des plantes -- L'isothérapie, les préparations homéopathiques et biodynamiques -- 3. La gestion agronomique des risques phytosanitaires -- Les méthodes prophylactiques -- La protection physique contre les infections -- La conduite des plantes et des couverts -- Éléments de conclusion -- 4. L'insertion des leviers alternatifs dans des systèmes intégrés de protection -- Les évaluations et comparaisons de systèmes de culture -- Les stratégies d'acteurs, la mise à disposition et l'acceptabilité -- Éléments de conclusion -- 5. Conclusions générales -- Une masse considérable d'information disponible… -- … Mais très inégalement répartie entre les champs de recherche et de développement -- Des solutions individuelles à effets partiels… -- … Mais encore insuffisamment insérées au sein de systèmes intégrés de protection des plantes -- Se passer du cuivre : des marges de manoeuvre considérables -- Plusieurs domaines insuffisamment explorés en recherche, mais cruciaux dans une perspective d'élimination complète du cuivre -- Des enseignements à tirer depuis et vers les systèmes dits « conventionnels » -- Sélection bibliographique -- Annexe. Le corpus bibliographique analysé -- Auteurs et éditeurs de l'expertise.
|
| 588 |
|
|
|a Description based on publisher supplied metadata and other sources.
|
| 590 |
|
|
|a Electronic reproduction. Ann Arbor, Michigan : ProQuest Ebook Central, 2023. Available via World Wide Web. Access may be limited to ProQuest Ebook Central affiliated libraries.
|
| 655 |
|
4 |
|a Electronic books.
|
| 700 |
1 |
|
|a Savini, Isabelle.
|
| 776 |
0 |
8 |
|i Print version:
|a Andrivon, Didier
|t Peut-On Se Passer du Cuivre en Protection des Cultures Biologiques ?
|d Versailles : Quae,c2019
|z 9782759229970
|
| 797 |
2 |
|
|a ProQuest (Firm)
|
| 830 |
|
0 |
|a Matière à débattre et Décider Ser.
|
| 856 |
4 |
0 |
|u https://ebookcentral.proquest.com/lib/matrademy/detail.action?docID=5796132
|z Click to View
|